[Event "XI C.to Italiano U20"]
[Site "Bratto - Castione della Presolana ITA"]
[Date "2003.08.28"]
[Round "8"]
[White "Ronchetti, Niccolo'"]
[Black "Locatelli, Andrea"]
[Result "1/2-1/2"]
[WhiteElo "2217"]
[BlackElo "2011"]
[PlyCount "64"]
[EventDate "2003.08.21"]

1. e4 c5 2. Nf3 d6 3. d4 cxd4 4. Nxd4 Nf6 5. Nc3 a6 6. Bc4 e6 7. Bb3 Nbd7 8. f4
Nc5 9. Qf3 Qc7 10. f5 Be7 11. Be3 e5 12. Nde2 Nxb3 13. axb3 Bd7 14. g4 Bc6 15.
g5 Nd7 16. O-O-O a5 17. g6 Nf6 18. gxf7+ Kxf7 19. Bg5 Rhc8 20. Bxf6 Bxf6 21.
Qd3 Ke7 22. Qc4 Qd7 23. Nd5+ Bxd5 24. Qxd5 a4 25. bxa4 Bg5+ 26. Kb1 Qxa4 27.
Qxd6+ Ke8 28. Qxe5+ Kf8 29. c3 Qa2+ 30. Kc2 Qa4+ 31. Kb1 Qa2+ 32. Kc2 Qa4+
1/2-1/2

[Event "XI C.to Italiano U20"]
[Site "Bratto - Castione della Presolana ITA"]
[Date "2003.08.28"]
[Round "8"]
[White "Sautto, Daniele"]
[Black "Navarro, Stefano"]
[Result "1-0"]
[WhiteElo "2130"]
[BlackElo "2125"]
[PlyCount "61"]
[EventDate "2003.08.21"]

1. e4 e5 2. Nf3 Nc6 3. Bb5 f5 4. Nc3 fxe4 5. Nxe4 d5 6. Nxe5 dxe4 7. Nxc6 Qg5
8. Nd4+ c6 9. Bf1 Nf6 10. d3 Qe5 11. dxe4 Bg4 12. Nf3 Qh5 13. Qd3 Rd8 14. Qb3
Bc5 15. Be2 Nxe4 16. Be3 Rd7 17. Rd1 Rxd1+ 18. Bxd1 Bxe3 19. Qxe3 O-O 20. O-O
Nc5 21. Re1 b6 22. b4 Ne6 23. c3 Nc7 24. Bb3+ Kh8 25. Qe7 Rc8 26. Ne5 h6 27.
Nf7+ Kh7 28. Nd6 Ra8 29. Qxc7 Qg6 30. Nc4 Re8 31. Ne3 1-0

[Event "XI C.to Italiano U20"]
[Site "Bratto - Castione della Presolana ITA"]
[Date "2003.08.28"]
[Round "8"]
[White "Stirpe, Claudio"]
[Black "Damia, Angelo"]
[Result "1/2-1/2"]
[WhiteElo "1668"]
[BlackElo "2021"]
[PlyCount "61"]
[EventDate "2003.08.21"]

1. d4 f5 2. e4 fxe4 3. Nc3 Nf6 4. Bg5 g6 5. f3 exf3 6. Nxf3 Bg7 7. Bd3 O-O 8.
Qd2 c5 9. O-O-O cxd4 10. Nxd4 Nc6 11. Bc4+ d5 12. Bxf6 exf6 13. Bxd5+ Kh8 14.
Kb1 Nxd4 15. Qxd4 f5 16. Qc4 Qf6 17. Rhe1 f4 18. Qc7 Bg4 19. Bxb7 Bxd1 20. Bxa8
Bxc2+ 21. Kxc2 Rxa8 22. Qd7 Qf8 23. Re7 Rd8 24. Qxa7 Qf5+ 25. Kb3 Bxc3 26. bxc3
Qb1+ 27. Ka3 Qc1+ 28. Kb3 Qd1+ 29. Kb4 Qd6+ 30. Kb3 Qd5+ 31. Kb4 1/2-1/2

[Event "XI C.to Italiano U20"]
[Site "Bratto - Castione della Presolana ITA"]
[Date "2003.08.28"]
[Round "8"]
[White "Stromboli, Carlo"]
[Black "Buono, Michele"]
[Result "1/2-1/2"]
[WhiteElo "1744"]
[BlackElo "2129"]
[PlyCount "125"]
[EventDate "2003.08.21"]

1. e4 c5 2. Nf3 d6 3. d4 cxd4 4. Nxd4 Nf6 5. Nc3 a6 6. Be3 e5 7. Nb3 Be6 8. Be2
d5 9. exd5 Nxd5 10. Nxd5 Bxd5 11. O-O Be7 12. c4 Bc6 13. Qxd8+ Bxd8 14. Bc5 Bc7
15. Rfd1 Nd7 16. Bd6 O-O-O 17. Rac1 f5 18. c5 Nf6 19. Bc4 Kb8 20. Na5 Rxd6 21.
cxd6 Bxa5 22. Be6 Bd7 23. Bxd7 Nxd7 24. Rd5 Bb6 25. Kf1 Rc8 26. Rxc8+ Kxc8 27.
f4 exf4 28. Rxf5 Nf6 29. Rxf4 Kd7 30. g4 h6 31. h4 Kxd6 32. g5 hxg5 33. hxg5
Nd7 34. Ke2 Bd8 35. Rf7 Bxg5 36. Rxg7 Bf6 37. Rg4 Kc5 38. b3 a5 39. Rc4+ Kb6
40. Kd1 Ne5 41. Rf4 Be7 42. Kc2 Nc6 43. Kb1 Bc5 44. Re4 Kb5 45. a4+ Kb6 46. Kb2
Bd4+ 47. Ka3 Kc5 48. Rg4 b6 49. Rh4 Kd5 50. Rf4 Kc5 51. Rh4 Nb4 52. Rh5+ Kd6
53. Rh4 Kd5 54. Rf4 Ke5 55. Re4+ Kd5 56. Re5+ Kc6 57. Rh5 Kd6 58. Rh4 Kd5 59.
Rg4 Bf6 60. Rg6 Ke5 61. Rg4 Ke6 62. Rc4 Kd5 63. Rg4 1/2-1/2

[Event "XI C.to Italiano U20"]
[Site "Bratto - Castione della Presolana ITA"]
[Date "2003.08.28"]
[Round "8"]
[White "Tomba, Ivan"]
[Black "Ferro, Mario"]
[Result "1-0"]
[WhiteElo "2175"]
[BlackElo "2190"]
[PlyCount "75"]
[EventDate "2003.08.21"]

1. e4 g6 2. d4 Bg7 3. Nc3 d6 4. f4 c6 5. Nf3 Bg4 6. Be3 Qb6 7. Qd2 Bxf3 8. gxf3
e6 9. O-O-O d5 10. f5 Na6 11. Na4 Qb4 12. Qxb4 Nxb4 13. c3 Na6 14. Bxa6 bxa6
15. fxe6 fxe6 16. Nc5 Kf7 17. Nxa6 Nf6 18. Nc5 Bf8 19. Nd3 Rc8 20. Bg5 Nd7 21.
b3 Bg7 22. Be3 Rhf8 23. Kd2 Nf6 24. Nc5 Rce8 25. c4 Kg8 26. cxd5 cxd5 27. e5
Nh5 28. Rhf1 Nf4 29. b4 Rf5 30. b5 Bf8 31. Rc1 Ng2 32. Rf2 Nxe3 33. Kxe3 Bh6+
34. f4 g5 35. Rg1 Kf7 36. fxg5 Rxf2 37. gxh6 Rxh2 38. Rg7+ 1-0

[Event "XI C.to Italiano U20"]
[Site "Bratto - Castione della Presolana ITA"]
[Date "2003.08.28"]
[Round "8"]
[White "Valsecchi, Alessio"]
[Black "Castellano, Fabio Marco"]
[Result "1/2-1/2"]
[WhiteElo "1600"]
[BlackElo "1534"]
[PlyCount "59"]
[EventDate "2003.08.21"]

1. e4 c5 2. Nf3 e6 3. d4 cxd4 4. Nxd4 a6 5. Bd3 Nc6 6. Nxc6 dxc6 7. Nc3 e5 8.
O-O Nf6 9. h3 Bc5 10. Qe2 b5 11. a3 O-O 12. Be3 Qb6 13. Rfe1 Bb7 14. a4 Rad8
15. a5 Qa7 16. b4 Bd4 17. Na2 Rd6 18. Rad1 Bxe3 19. Qxe3 Qxe3 20. Rxe3 Rfd8 21.
Nc1 Bc8 22. Nb3 Nh5 23. Nc5 Nf4 24. h4 Ne6 25. Nb3 Nd4 26. Nxd4 Rxd4 27. c3
R4d6 28. Kf1 f5 29. exf5 Bxf5 30. Ke2 1/2-1/2

[Event "XI C.to Italiano U20"]
[Site "Bratto - Castione della Presolana ITA"]
[Date "2003.08.28"]
[Round "8"]
[White "Vocaturo, Daniele"]
[Black "Braschi, Giancarlo"]
[Result "0-1"]
[WhiteElo "2156"]
[BlackElo "2138"]
[PlyCount "100"]
[EventDate "2003.08.21"]

1. e4 c5 2. Nf3 Nc6 3. d4 cxd4 4. Nxd4 Nf6 5. Nc3 e5 6. Ndb5 d6 7. Nd5 Nxd5 8.
exd5 Nb8 9. c4 a6 10. Nc3 g6 11. Bd3 Bg7 12. O-O O-O 13. Rb1 f5 14. f3 Nd7 15.
Kh1 Qe7 16. Re1 g5 17. b4 e4 18. Qd2 Ne5 19. fxe4 f4 20. Nd1 g4 21. Bf1 Qh4 22.
Bb2 g3 23. h3 Bxh3 24. gxh3 Nf3 25. Qe2 Nxe1 26. Nc3 g2+ 27. Bxg2 Nxg2 28. Qxg2
Rf6 29. Qf3 Rg6 30. Ne2 Bxb2 31. Rxb2 Qe1+ 32. Kh2 Qa1 33. Rd2 a5 34. c5 axb4
35. cxd6 Rxd6 36. Qxf4 Rg6 37. d6 Rf8 38. Qe3 Qe5+ 39. Ng3 Rxd6 40. Qb3+ Kh8
41. Qxb4 Rff6 42. Rg2 Rf3 43. Qe1 Rg6 44. h4 Rg7 45. Rg1 h6 46. Rg2 Kh7 47. Rg1
Qf4 48. Kh3 Rg4 49. e5 Rxh4+ 50. Kg2 Rxg3+ 0-1

[Event "XI C.to Italiano U20"]
[Site "Bratto - Castione della Presolana ITA"]
[Date "2003.08.28"]
[Round "8"]
[White "Xia, Jie"]
[Black "Buchicchio, Roberto"]
[Result "1-0"]
[WhiteElo "1597"]
[BlackElo "1690"]
[PlyCount "131"]
[EventDate "2003.08.21"]

1. e4 c5 2. Nf3 Nc6 3. d3 d6 4. b3 Nf6 5. Bb2 e6 6. g3 g6 7. Bg2 Bg7 8. O-O O-O
9. Na3 Nxe4 10. Bxg7 Nxf2 11. Rxf2 Kxg7 12. Nc4 f6 13. Qd2 e5 14. Raf1 Be6 15.
c3 Qd7 16. d4 d5 17. Nb2 e4 18. Ne1 cxd4 19. cxd4 Rac8 20. Na4 Qe7 21. Nc2 b6
22. Nc3 Nb4 23. Nxb4 Qxb4 24. Nxe4 Qxd2 25. Nxd2 Rc2 26. Nb1 Rxf2 27. Kxf2 Rc8
28. Na3 a6 29. Ke3 h5 30. Kd2 Kf7 31. Rc1 Rxc1 32. Kxc1 Ke7 33. Nc2 Kd6 34. Kd2
Bf7 35. Nb4 a5 36. Nd3 Be8 37. Kc3 b5 38. a3 g5 39. Nc5 Bc6 40. Kd3 Ke7 41. Ke3
Kd6 42. h4 Ke7 43. Nd3 Bb7 44. Bf1 Bc6 45. hxg5 fxg5 46. Ne5 Be8 47. Bd3 Ke6
48. Nf3 Kf6 49. Nd2 Ke6 50. b4 axb4 51. axb4 Kd6 52. Nb3 Kc7 53. Nc5 Kd6 54.
Bf5 Ke7 55. Kf3 Kf6 56. Bc8 Ke7 57. Ne6 Kf6 58. Nc7 Bc6 59. Ba6 Ke7 60. Nxb5
Kd7 61. Nc3 Kc7 62. b5 Ba8 63. Na4 Kb8 64. Nc5 h4 65. gxh4 gxh4 66. Kg4 1-0

[Event "XI C.to Italiano U20"]
[Site "Bratto - Castione della Presolana ITA"]
[Date "2003.08.29"]
[Round "9"]
[White "Akmedov, Alisher"]
[Black "Orani, Luigi Giuseppe"]
[Result "1-0"]
[WhiteElo "1434"]
[BlackElo "1500"]
[PlyCount "57"]
[EventDate "2003.08.21"]

1. d4 d5 2. c4 c6 3. Nf3 Nf6 4. Nc3 Bg4 5. Ne5 Nbd7 6. Nxg4 Nxg4 7. e4 e5 8.
Qxg4 exd4 9. Ne2 Bb4+ 10. Bd2 Bxd2+ 11. Kxd2 O-O 12. exd5 Ne5 13. Qxd4 Qa5+ 14.
Nc3 Rfe8 15. Re1 f6 16. f4 Nf7 17. Rxe8+ Rxe8 18. Bd3 Qc7 19. Qf2 cxd5 20. Nxd5
Qa5+ 21. Nc3 Rd8 22. Kc2 g6 23. Re1 Kg7 24. Qf3 Qc7 25. Kb1 Qd7 26. Bc2 Nd6 27.
Rd1 Qc6 28. Qxc6 bxc6 29. Ne4 1-0

[Event "XI C.to Italiano U20"]
[Site "Bratto - Castione della Presolana ITA"]
[Date "2003.08.29"]
[Round "9"]
[White "Braschi, Giancarlo"]
[Black "Tomba, Ivan"]
[Result "1-0"]
[WhiteElo "2138"]
[BlackElo "2175"]
[PlyCount "95"]
[EventDate "2003.08.21"]

1. d4 Nf6 2. c4 g6 3. Nc3 Bg7 4. e4 d6 5. Be2 O-O 6. Bg5 c5 7. dxc5 Qa5 8. Bd2
Qxc5 9. Nf3 Bd7 10. O-O Qc8 11. Rc1 Nc6 12. h3 b6 13. Be3 Qb7 14. Re1 Rfd8 15.
a3 Rac8 16. b4 a5 17. Qb3 axb4 18. axb4 h6 19. Nd5 Nxd5 20. exd5 Ne5 21. Nd4 f5
22. f4 Nf7 23. Ne6 Bxe6 24. dxe6 Nh8 25. Bf3 Qc7 26. Bd5 Bf6 27. g4 fxg4 28.
hxg4 g5 29. f5 Rf8 30. Kg2 Qa7 31. Rc2 Ra8 32. Ree2 Qa1 33. Ra2 Rxa2 34. Qxa2
Qd1 35. Qd2 Qa1 36. Re1 Qa3 37. b5 Bc3 38. Qd3 Qb2+ 39. Qe2 Qa3 40. Rh1 Kg7 41.
Bxb6 Be5 42. Bf2 Rb8 43. b6 Qb3 44. Rh3 Qb1 45. c5 Qb4 46. Rb3 Qa5 47. Rb5 Qa4
48. c6 1-0

[Event "XI C.to Italiano U20"]
[Site "Bratto - Castione della Presolana ITA"]
[Date "2003.08.29"]
[Round "9"]
[White "Brunello, Sabino"]
[Black "Ferrante, Marco"]
[Result "1-0"]
[WhiteElo "2234"]
[BlackElo "1849"]
[PlyCount "83"]
[EventDate "2003.08.21"]

1. e4 e6 2. d4 d5 3. e5 c5 4. c3 Qb6 5. Nf3 Nc6 6. a3 c4 7. Nbd2 Na5 8. Be2 Bd7
9. O-O Ne7 10. Rb1 Nf5 11. Qe1 Ba4 12. Bd1 Nb3 13. Nxb3 Bxb3 14. Nd2 Bxd1 15.
Qxd1 Qc6 16. Qe2 g6 17. f4 h5 18. g3 Be7 19. Nf3 b5 20. Bd2 a5 21. Kg2 a4 22.
Be1 Kd7 23. Bf2 Rh7 24. h3 Rah8 25. Rh1 Qc8 26. Rh2 Qd8 27. Rbh1 Qg8 28. g4
hxg4 29. hxg4 Rxh2+ 30. Rxh2 Rxh2+ 31. Nxh2 Ng7 32. Qf3 Qh7 33. Nf1 Ke8 34. Ne3
Kd7 35. Nxd5 exd5 36. Qxd5+ Ke8 37. Qa8+ Kd7 38. Qb7+ Ke8 39. Qxb5+ Kf8 40. d5
g5 41. Qb8+ Ne8 42. d6 1-0

[Event "XI C.to Italiano U20"]
[Site "Bratto - Castione della Presolana ITA"]
[Date "2003.08.29"]
[Round "9"]
[White "Buono, Michele"]
[Black "Longo, Luigi"]
[Result "1/2-1/2"]
[WhiteElo "2129"]
[BlackElo "1693"]
[PlyCount "81"]
[EventDate "2003.08.21"]

1. e4 e6 2. d4 d5 3. Nd2 Nf6 4. e5 Nfd7 5. Bd3 c5 6. c3 Nc6 7. Ne2 cxd4 8. cxd4
f6 9. Nf4 Nxd4 10. Qh5+ Ke7 11. Ng6+ hxg6 12. exf6+ Nxf6 13. Qxh8 Kf7 14. Qh4
e5 15. Nf3 Nxf3+ 16. gxf3 Bf5 17. Be2 Rc8 18. O-O Rc2 19. Bd1 Rc4 20. f4 Bd3
21. Bb3 Bxf1 22. Bxc4 Bxc4 23. b3 Bxb3 24. axb3 e4 25. Qh3 Bc5 26. Bb2 Qd7 27.
Qxd7+ Nxd7 28. Rd1 Nb6 29. Kf1 Bd6 30. Bd4 Ke6 31. Ra1 Nc8 32. Bxa7 Bxf4 33.
Bd4 Bxh2 34. Bxg7 Be5 35. Bxe5 Kxe5 36. Ke2 Nd6 37. Rg1 Kf5 38. Ke3 Nb5 39. Rh1
d4+ 40. Ke2 d3+ 41. Ke3 1/2-1/2

[Event "XI C.to Italiano U20"]
[Site "Bratto - Castione della Presolana ITA"]
[Date "2003.08.29"]
[Round "9"]
[White "Cappai, Davide"]
[Black "Buchicchio, Giampaolo"]
[Result "0-1"]
[WhiteElo "2105"]
[BlackElo "2253"]
[PlyCount "70"]
[EventDate "2003.08.21"]

1. e4 c5 2. Nf3 Nc6 3. d4 cxd4 4. Nxd4 Nf6 5. Nc3 e5 6. Ndb5 d6 7. a4 a6 8. Na3
Bg4 9. f3 Be6 10. Nc4 Nb4 11. Bg5 Rc8 12. Ne3 Qb6 13. a5 Qc5 14. Qd2 h6 15.
Bxf6 Qxe3+ 16. Qxe3 Nxc2+ 17. Kf2 Nxe3 18. Bxg7 Nc2 19. Bxh8 Nxa1 20. Bxa6 bxa6
21. Rxa1 Ke7 22. Rc1 Rc6 23. g4 f6 24. h4 Kf7 25. g5 fxg5 26. hxg5 hxg5 27. Rh1
Kg6 28. Ke3 Be7 29. Rg1 Rc8 30. Rh1 Rb8 31. Rh2 Bd8 32. Rd2 Bc7 33. Rh2 Bxa5
34. Nd5 Rb3+ 35. Kf2 Rxb2+ 0-1

[Event "XI C.to Italiano U20"]
[Site "Bratto - Castione della Presolana ITA"]
[Date "2003.08.29"]
[Round "9"]
[White "Castellano, Fabio Marco"]
[Black "Pagan, Nicolo'"]
[Result "1/2-1/2"]
[WhiteElo "1534"]
[BlackElo "1600"]
[PlyCount "152"]
[EventDate "2003.08.21"]

1. e4 c6 2. d4 d5 3. Nc3 dxe4 4. Nxe4 Bf5 5. Ng3 Bg6 6. Nf3 e6 7. h4 h6 8. h5
Bh7 9. Bd3 Bxd3 10. Qxd3 Nf6 11. Bd2 Bd6 12. Ne4 Nxe4 13. Qxe4 Nd7 14. Ne5 Qc7
15. Nc4 Nf6 16. Nxd6+ Qxd6 17. Qd3 O-O-O 18. c3 Qd5 19. Qf3 Qxf3 20. gxf3 Rd5
21. Ke2 Rxh5 22. Rxh5 Nxh5 23. Re1 Kd7 24. Kd3 Rh7 25. c4 Nf6 26. Rh1 Ng8 27.
Ke4 Ne7 28. a4 h5 29. b4 h4 30. b5 f6 31. Bb4 Nf5 32. d5 g6 33. Rd1 cxd5+ 34.
cxd5 exd5+ 35. Rxd5+ Ke6 36. Rd1 h3 37. Rh1 Rh4+ 38. f4 g5 39. Bd2 g4 40. Be1
h2 41. Kd3 Kd5 42. Ke2 Nd4+ 43. Kd3 Nf3 44. Bc3 f5 45. Bb4 Rh3 46. Ke2 Kc4 47.
Bd6 Kb3 48. a5 Nd4+ 49. Kf1 Nxb5 50. Bc5 Kc4 51. Be7 Nd4 52. Kg2 Nf3 53. Rc1+
Kb5 54. Kh1 Rh5 55. Rb1+ Ka6 56. Bd8 Nd4 57. Rd1 Nc6 58. Rd6 Rh8 59. Bg5 Kxa5
60. Rd5+ Kb4 61. Rxf5 a5 62. Rf7 b5 63. Rc7 Kc5 64. f5 Kb6 65. Rd7 b4 66. f6 b3
67. Be3+ Kb5 68. f7 b2 69. Rb7+ Kc4 70. Rxb2 Rf8 71. Rb7 Ne5 72. Bd2 Rxf7 73.
Rxf7 Nxf7 74. Bxa5 Kd3 75. Kxh2 Ke4 76. Kg3 Kf5 1/2-1/2

[Event "XI C.to Italiano U20"]
[Site "Bratto - Castione della Presolana ITA"]
[Date "2003.08.29"]
[Round "9"]
[White "Chinello, Gianmarco"]
[Black "Vocaturo, Daniele"]
[Result "1-0"]
[WhiteElo "1681"]
[BlackElo "2156"]
[PlyCount "126"]
[EventDate "2003.08.21"]

1. e4 c5 2. f4 Nc6 3. Nf3 g6 4. Bb5 Bg7 5. O-O e6 6. Bxc6 dxc6 7. d3 Ne7 8. Nc3
O-O 9. Be3 b6 10. Qe1 Qc7 11. Rb1 Rd8 12. Qh4 Bb7 13. Ne2 Qd6 14. f5 exf5 15.
Bf4 Qd7 16. Bh6 f6 17. Bxg7 Kxg7 18. Nf4 Bc8 19. e5 fxe5 20. Ng5 exf4 21. Qxh7+
Kf6 22. Rxf4 Nd5 23. Ne4+ Ke5 24. Qxg6 Qe7 25. d4+ cxd4 26. Re1 Ne3 27. Qg3 Kd5
28. c4+ Ke6 29. Ng5+ Kf6 30. Rh4 Qg7 31. Nh7+ Kf7 32. Ng5+ Kf6 33. Nh7+ Kf7 34.
Ng5+ Kg8 35. Rh7 Qg6 36. Qe5 Qxh7 37. Nxh7 Ba6 38. Nf6+ Kf7 39. b3 c5 40. Nh5
Bc8 41. Qf6+ Ke8 42. Ng7+ Kd7 43. Nxf5 Nxf5 44. Qxf5+ Kc7 45. Qf4+ Rd6 46. Re7+
Bd7 47. g4 Rg8 48. g5 d3 49. Re1 Re8 50. Rd1 Rg8 51. Rxd3 Rxg5+ 52. Qxg5 Rxd3
53. Qe5+ Kc8 54. Qe2 Rh3 55. Qe4 a5 56. Kg2 Rh6 57. Kg3 Rh3+ 58. Kg2 Rh6 59.
Kg1 Rh3 60. Qd5 Kc7 61. Qe5+ Kb7 62. Qd6 Bc6 63. Qe7+ Kb8 1-0

[Event "XI C.to Italiano U20"]
[Site "Bratto - Castione della Presolana ITA"]
[Date "2003.08.29"]
[Round "9"]
[White "D'Apa, Matteo"]
[Black "Lettieri, Giuseppe"]
[Result "0-1"]
[WhiteElo "1747"]
[BlackElo "1894"]
[PlyCount "90"]
[EventDate "2003.08.21"]

1. d4 Nf6 2. c4 e6 3. Nf3 b6 4. Bg5 Bb7 5. e3 Bb4+ 6. Nbd2 O-O 7. Bd3 c5 8. O-O
cxd4 9. exd4 d5 10. cxd5 Bxd5 11. Ne4 Be7 12. Nc3 Bb7 13. Rc1 Nbd7 14. Ne5 h6
15. Be3 Nd5 16. Nxd5 Bxd5 17. f4 Rc8 18. f5 Nxe5 19. Rxc8 Qxc8 20. dxe5 Bc5 21.
Qe2 exf5 22. Bxf5 Be6 23. Bb1 Bc4 24. Bd3 Bxe3+ 25. Qxe3 Bxd3 26. Qxd3 Qc5+ 27.
Kh1 Qxe5 28. b3 Re8 29. Qd7 Qe7 30. Qxe7 Rxe7 31. Kg1 Re2 32. a3 Ra2 33. a4 Rb2
34. Rf3 Kf8 35. Rc3 a5 36. h3 Ke8 37. Rd3 Ke7 38. Kh2 Ke6 39. Kg3 f5 40. Re3+
Kd5 41. Kf4 Rxg2 42. Re5+ Kd4 43. Rb5 Rg6 44. h4 Rf6 45. Rxf5 g5+ 0-1

[Event "XI C.to Italiano U20"]
[Site "Bratto - Castione della Presolana ITA"]
[Date "2003.08.29"]
[Round "9"]
[White "Damia, Angelo"]
[Black "Bellemo, Davide"]
[Result "1-0"]
[WhiteElo "2021"]
[BlackElo "1618"]
[PlyCount "93"]
[EventDate "2003.08.21"]

1. f3 e5 2. Kf2 d5 3. e3 Nc6 4. g3 Bc5 5. Bb5 d4 6. Ne2 Bf5 7. d3 dxe3+ 8. Bxe3
Bxe3+ 9. Kxe3 Nge7 10. Nbc3 a6 11. Bxc6+ Nxc6 12. Ne4 Qe7 13. c3 O-O-O 14. Kd2
Rd7 15. b4 Rhd8 16. Nc1 Bxe4 17. fxe4 Qg5+ 18. Kc2 f5 19. exf5 Qxf5 20. Rf1 Qe6
21. Qh5 e4 22. d4 Qc4 23. Nb3 Nxb4+ 24. Kb2 Nd5 25. Rfc1 Nf6 26. Qc5 Qxc5 27.
Nxc5 Re7 28. Re1 a5 29. Nb3 b6 30. Re2 Rde8 31. Nd2 e3 32. Nc4 Ng4 33. Rae1 Re4
34. Kc2 R8e6 35. h3 Nf2 36. Rxe3 Rxe3 37. Nxe3 Nxh3 38. Kd2 Ng5 39. Rf1 Ne4+
40. Kd3 Nxg3 41. Rf7 c6 42. Nc4 Rg6 43. Nxb6+ Kd8 44. Nc4 Rg5 45. Ne5 c5 46.
Ra7 cxd4 47. Nf7+ 1-0

[Event "XI C.to Italiano U20"]
[Site "Bratto - Castione della Presolana ITA"]
[Date "2003.08.29"]
[Round "9"]
[White "Ferro, Mario"]
[Black "Stromboli, Ettore"]
[Result "1/2-1/2"]
[WhiteElo "2190"]
[BlackElo "2155"]
[PlyCount "111"]
[EventDate "2003.08.21"]

1. d4 Nf6 2. Nf3 b6 3. g3 Bb7 4. Bg2 c5 5. c3 e6 6. O-O Be7 7. Qd3 d6 8. Re1
O-O 9. e4 Qc7 10. Na3 a6 11. Bf4 Nbd7 12. e5 Nd5 13. Bg5 h6 14. Bxe7 Nxe7 15.
Nc4 dxe5 16. dxe5 Rad8 17. Qd6 Qxd6 18. exd6 Nc8 19. Nfe5 Bxg2 20. Kxg2 Nxe5
21. Rxe5 b5 22. Ne3 Rxd6 23. Rxc5 Rd2 24. b4 Rfd8 25. a4 Nd6 26. Nf1 Rd3 27.
axb5 axb5 28. Ra7 h5 29. Rcc7 Rc8 30. Rxc8+ Nxc8 31. Re7 Nb6 32. Rb7 Nd5 33.
Rxb5 Rxc3 34. Ne3 Nxe3+ 35. fxe3 Rxe3 36. Rxh5 f5 37. Rh4 Kf7 38. Rc4 Rb3 39.
Rc7+ Kf6 40. Rb7 g5 41. b5 g4 42. b6 Ke5 43. Ra7 Rxb6 44. Ra5+ Kf6 45. Ra2 e5
46. h3 gxh3+ 47. Kxh3 e4 48. Kg2 Kg5 49. Ra8 Rb2+ 50. Kh3 e3 51. Ra1 Kf6 52.
Re1 Rb3 53. Kg2 Ke5 54. Kf3 Kd4 55. Rd1+ Ke5 56. Re1 1/2-1/2

[Event "XI C.to Italiano U20"]
[Site "Bratto - Castione della Presolana ITA"]
[Date "2003.08.29"]
[Round "9"]
[White "Forato, Enrico"]
[Black "Parpinel, Marco"]
[Result "0-1"]
[WhiteElo "1600"]
[BlackElo "1606"]
[PlyCount "50"]
[EventDate "2003.08.21"]

1. e4 g6 2. d4 Bg7 3. Bc4 d6 4. Nc3 Nf6 5. f3 a6 6. a4 Nbd7 7. Nge2 O-O 8. Be3
c6 9. O-O b6 10. Qe1 Bb7 11. Qf2 b5 12. axb5 axb5 13. Bd3 Rxa1 14. Rxa1 Qc7 15.
Qe1 b4 16. Nd1 c5 17. Bc4 cxd4 18. Qxb4 dxe3 19. Ra7 Rb8 20. Qb3 Ne5 21. Ba6
Bxa6 22. Rxc7 Rxb3 23. cxb3 Bxe2 24. Nxe3 Bh6 25. Kf2 Bb5 0-1

[Event "XI C.to Italiano U20"]
[Site "Bratto - Castione della Presolana ITA"]
[Date "2003.08.29"]
[Round "9"]
[White "Fratino, Lorenzo"]
[Black "Dessi', Fabrizio Daniele"]
[Result "1/2-1/2"]
[WhiteElo "1548"]
[BlackElo "1522"]
[PlyCount "76"]
[EventDate "2003.08.21"]

1. e4 c5 2. Nc3 Nc6 3. g3 d6 4. Bg2 Nf6 5. d3 h6 6. h3 e6 7. f4 Be7 8. Nf3 Bd7
9. O-O Qc7 10. Ne2 O-O 11. g4 Nh7 12. Ng3 f6 13. f5 e5 14. Nh4 Rfd8 15. Be3 Be8
16. Qd2 Bf8 17. Ng6 Qf7 18. h4 Ne7 19. h5 Nc6 20. c3 b6 21. Bf3 Rac8 22. Bd1
Qc7 23. Bb3+ Bf7 24. Bxf7+ Qxf7 25. Ne2 d5 26. Qc2 d4 27. Bf2 Qd7 28. Qb3+ Qf7
29. Qxf7+ Kxf7 30. cxd4 cxd4 31. a3 Ne7 32. Rac1 Rxc1 33. Rxc1 Rc8 34. Be1 Rxc1
35. Nxc1 Nc6 36. b4 a5 37. Nxf8 Nxf8 38. bxa5 Nxa5 1/2-1/2

[Event "XI C.to Italiano U20"]
[Site "Bratto - Castione della Presolana ITA"]
[Date "2003.08.29"]
[Round "9"]
[White "Lain, Luigi"]
[Black "Bonafede, Alessandro"]
[Result "1-0"]
[WhiteElo "2261"]
[BlackElo "2098"]
[PlyCount "55"]
[EventDate "2003.08.21"]

1. d4 Nf6 2. c4 e6 3. Nc3 c5 4. d5 exd5 5. cxd5 d6 6. e4 g6 7. f4 Bg7 8. Nf3
O-O 9. Be2 Re8 10. Nd2 Na6 11. O-O c4 12. a4 Nc5 13. Bf3 b6 14. e5 dxe5 15.
fxe5 Rxe5 16. Nxc4 Re8 17. d6 Rb8 18. Nb5 a6 19. Nc7 Rf8 20. Ne5 Bb7 21. Bg5 h6
22. Bxb7 Rxb7 23. Nc6 Qd7 24. Ne7+ Kh7 25. Bxf6 Bxf6 26. Rxf6 Rxc7 27. Nxg6
fxg6 28. Rxf8 1-0

[Event "XI C.to Italiano U20"]
[Site "Bratto - Castione della Presolana ITA"]
[Date "2003.08.29"]
[Round "9"]
[White "Lampl, Gerald"]
[Black "Buono, Valerio"]
[Result "1/2-1/2"]
[WhiteElo "1600"]
[BlackElo "1705"]
[PlyCount "33"]
[EventDate "2003.08.21"]

1. e4 e5 2. Nf3 Nc6 3. Bc4 Be7 4. Nc3 Nf6 5. Qe2 O-O 6. O-O d6 7. h3 h6 8. d3
Be6 9. Bxe6 fxe6 10. Bd2 Nh7 11. Rad1 a5 12. Bc1 Nd4 13. Nxd4 exd4 14. Nb1 e5
15. f4 exf4 16. Rxf4 Bg5 17. Rxf8+ 1/2-1/2

[Event "XI C.to Italiano U20"]
[Site "Bratto - Castione della Presolana ITA"]
[Date "2003.08.29"]
[Round "9"]
[White "Locatelli, Andrea"]
[Black "Bertagnolli, Alexander"]
[Result "1-0"]
[WhiteElo "2011"]
[BlackElo "2290"]
[PlyCount "47"]
[EventDate "2003.08.21"]

1. e4 c6 2. d4 d5 3. Nc3 dxe4 4. Nxe4 Nd7 5. Nf3 Ngf6 6. Bd3 Nxe4 7. Bxe4 g6 8.
Bf4 Qb6 9. Qd2 Nf6 10. Bd3 Bg4 11. Ne5 Qxb2 12. O-O Qxd4 13. Bxg6 O-O-O 14. Bd3
Rg8 15. Nxc6 Bf3 16. Nxd4 Rxg2+ 17. Kh1 Rxd4 18. Qc3+ Bc6 19. f3 Rxf4 20. Kxg2
Bg7 21. Rae1 Rg4+ 22. Kh1 Rh4 23. Qc5 Rf4 24. Rxe7 1-0

[Event "XI C.to Italiano U20"]
[Site "Bratto - Castione della Presolana ITA"]
[Date "2003.08.29"]
[Round "9"]
[White "Lorusso, Giuseppe"]
[Black "Massironi, Marco"]
[Result "0-1"]
[WhiteElo "1801"]
[BlackElo "2082"]
[PlyCount "60"]
[EventDate "2003.08.21"]

1. d4 Nf6 2. c4 g6 3. Nc3 d5 4. cxd5 Nxd5 5. e4 Nxc3 6. bxc3 Bg7 7. Bc4 c5 8.
Ne2 O-O 9. O-O Nc6 10. Be3 Qc7 11. Rc1 Rd8 12. a3 e6 13. Bg5 Re8 14. d5 exd5
15. Bxd5 Be6 16. f4 Qd7 17. Bxe6 Qxe6 18. Ng3 Qc4 19. Qc2 h6 20. Bh4 a5 21. e5
g5 22. Ne4 gxh4 23. Nd6 Qe6 24. Nxe8 Rxe8 25. Rce1 Qc4 26. Re4 Nd4 27. Qd2 Nb3
28. Qe3 Qd5 29. c4 Qc6 30. f5 Nd2 0-1

[Event "XI C.to Italiano U20"]
[Site "Bratto - Castione della Presolana ITA"]
[Date "2003.08.29"]
[Round "9"]
[White "Mogranzini, Roberto"]
[Black "Gatterer, Matthias"]
[Result "1-0"]
[WhiteElo "2172"]
[BlackElo "1684"]
[PlyCount "75"]
[EventDate "2003.08.21"]

1. e4 c6 2. c4 e6 3. d4 d5 4. Nc3 dxe4 5. Nxe4 Nf6 6. Nxf6+ Qxf6 7. Nf3 Bb4+ 8.
Bd2 Qe7 9. Bd3 O-O 10. O-O Bxd2 11. Qxd2 c5 12. d5 exd5 13. cxd5 Rd8 14. Rfe1
Qd6 15. Qg5 Qf6 16. Qe3 Nd7 17. Rad1 Rb8 18. b3 b5 19. Ng5 g6 20. Qg3 Rb6 21.
Bf1 Qd6 22. Qh4 Nf6 23. g3 Bb7 24. Bg2 h5 25. Ne4 Nxe4 26. Qxe4 Rd7 27. Rd2 Kg7
28. Qe3 Rc7 29. h4 Qd7 30. d6 Rc8 31. Qc3+ Kg8 32. Re7 Qf5 33. Bxb7 Rf8 34. Be4
Qg4 35. Qf3 Qxf3 36. Bxf3 Rd8 37. d7 Rbb8 38. Bc6 1-0

[Event "XI C.to Italiano U20"]
[Site "Bratto - Castione della Presolana ITA"]
[Date "2003.08.29"]
[Round "9"]
[White "Napoli, Nicolo'"]
[Black "Sautto, Daniele"]
[Result "1-0"]
[WhiteElo "2039"]
[BlackElo "2130"]
[PlyCount "71"]
[EventDate "2003.08.21"]

1. e4 c6 2. d4 d5 3. exd5 cxd5 4. c4 Nf6 5. Nc3 Nc6 6. cxd5 Nxd5 7. Bc4 Nb6 8.
Bb5 Bd7 9. Nf3 e6 10. O-O a6 11. Bd3 Nb4 12. Bb1 Be7 13. Ne5 Nc6 14. Qh5 Nxe5
15. dxe5 Bc6 16. Rd1 Qc7 17. Be4 Bxe4 18. Nxe4 Rd8 19. Rxd8+ Qxd8 20. Bg5 O-O
21. Rd1 Nd5 22. h4 Qc7 23. Bxe7 Qxe7 24. Rd4 Rd8 25. Qg4 Nb6 26. Nf6+ Kh8 27.
Nh5 g6 28. Nf6 Rxd4 29. Qxd4 Qc7 30. Qd6 Qc1+ 31. Kh2 Qf4+ 32. Kh3 Qf5+ 33. Kg3
Kg7 34. Ne8+ Kg8 35. Qxb6 Qxe5+ 36. f4 1-0